00993cam a2200265 i 450000500170000000800410001701500080005802000180006604000440008404100080012810000310013624501520016726000270031930000180034649000160036458600310038065000280041165000530043965000540049265100450054670000420059170000480063376500210068183000250070220171024094008.0171024s2016 ck gr 001 0 spa d aNNN a9789585919174 aCO-BoUCMbspacSaul NiñodSaul Niño aspa1 aStiglitz, Joseph E.d1943-13aLa gran brechabqué hacer con las sociedades desigualescJoseph E. Stiglitz ; traducción de María Luisa Rodríguez Tapia, Federico Corriente aColombiabTaurosc2016 a477 páginas0 aPensamiento aPremio Nobel de Economía 7aRentas zEstados Unidos 7aIgualdad xAspectos económicoszEstados Unidos 7aDesigualdad económica regional zEstados Unidos 4aEstados UnidosxCondiciones económicas1 aCorriente, Federicod1940-etraductor1 aRodríguez Tapia, María Luisaetraductor tThe great divide 0aPensamiento (Taurus)